| 000 | 00667cam a22002055a 4500 | ||
|---|---|---|---|
| 001 | L158584 | ||
| 008 | 150506s2014 xxk f 000 0 eng d | ||
| 020 | _a9780415675994 | ||
| 035 | _a(Sirsi) u158584 | ||
| 041 | 0 | _aeng | |
| 050 | 0 | 4 | _a333.72 |
| 100 | 1 | _aLoosemore, Martin | |
| 245 | 0 | 0 | _aInnovation, strategy and risk in construction |
| 260 |
_aOxon _bRoutledge _c2014 |
||
| 520 | _aIntegrates insights from business and government leaders with contemporary research, to help built environment professionals introduce greater innovation into their operations. | ||
| 521 | _aAdvanced | ||
| 651 | 4 |
_aUnited Kingdom _y |
|
| 690 | _aCONSTRUCTION | ||
| 942 | _n0 | ||
| 999 |
_c115401 _d115401 |
||